000
00312nam a22001217a 4500
008
180505b xxu||||| |||| 00| 0 eng d
041
_a
eng
080
_a
043.3
100
_a
0
101
_a
SHKI-MA
245
_a
Krahasimi dhe Klasifikimi i Metodave/ Veglace per Testimin e Softuerit
_c
Maka, B
942
_2
udc
_c
BK
999
_c
45695
_d
45695